Analytical methods in petroleum upstream applications

Salvato in:
Dettagli Bibliografici
Natura: Sách
Lingua:Undetermined
Pubblicazione:  Taylor & Francis  2015
Soggetti:
Tags: Aggiungi Tag
Nessun Tag, puoi essere il primo ad aggiungerne! !
Thư viện lưu trữ: Trung tâm Thư viện - Trường Đại học Công nghiệp TP. Hồ Chí Minh
LEADER 00448nam a2200133Ia 4500
001 UIH_06654
008 231011s9999 xx 000 0 und d
082 |a  665.5 
245 0 |a  Analytical methods in petroleum upstream applications 
260 |b  Taylor & Francis 
260 |c  2015 
650 |a  Petroleum; Petroleum; Dầu khí;  
927 |a Sách 
980 |a Trung tâm Thư viện - Trường Đại học Công nghiệp TP. Hồ Chí Minh